| 000 | 00508nam a22001817a 4500 | ||
|---|---|---|---|
| 999 |
_c168892 _d168892 |
||
| 005 | 20191030171223.0 | ||
| 010 | _aENG-126749 | ||
| 020 |
_a9788184305524 _c300.00 |
||
| 035 | _aEN-110281 | ||
| 037 | _bDBAD/PUB | ||
| 082 | _aN | ||
| 100 | _aChatterjee, Bankim Chandra | ||
| 245 |
_aAnandmath / _cby Bankim Chandra Chatterjee |
||
| 260 |
_aNew Delhi _bOcean Books _c2018 |
||
| 270 |
_a4/19, Asaf Ali Road _bNew Delhi _e110002 _minfo@oceanbooks.in |
||
| 300 |
_a144p. _c22cm(Hb) |
||
| 942 |
_2ddc _cEN _hN _mCHA |
||